| 000 | 00595cam a2200217 4500 | ||
|---|---|---|---|
| 008 | 090401t1987 xxu||||| |||| 00| 0 eng d | ||
| 020 | _a0333444930 | ||
| 035 | _a(Sirsi) u69500 | ||
| 041 | _aeng | ||
| 050 | _a333.33025 | ||
| 110 |
_aRoyal Institution of Chartered Surveyors _94900 |
||
| 245 | _aDirectory 1988 | ||
| 260 |
_aBasingstoke _bMacMillan _c1987 |
||
| 300 | _a2v. ; 25cm. | ||
| 350 | _a0 | ||
| 520 | _aVolume one is List of Members; volume two is Geographical Directory. | ||
| 650 | _aABOUT RICS-RICS MEMBERS | ||
| 650 | _aDIRECTORIES | ||
| 942 | _n0 | ||
| 948 | _c04/03/1997 | ||
| 999 |
_c95205 _d95205 |
||